000 02856naa a2200337Ia 4500
003 OSt
005 20260416155055.0
007 a
008 260416s2017 xx 000 0 und d
040 _aFoundation University
_bEng
_cFoundation University
_erda
050 _aCBA (OprMgt-FS) LG 221 D35 B87
_bA5 B87 O64 2014 A97
099 _a799
100 _aAustria, Fatima V.
_91517
_eauthor.
245 1 0 _aEstablishment of 1st choice employment agency at Mangnao-Canal, Dumagete City /
_cby Fatima V. Austria, Lyrah D. Cabunilas, and Beverly L. Dayot
264 _aDumaguete City :
_bFoundation University ;
_c2014.
_42014.
300 _axii, 125 leaves :
_bill. (chiefly color) ;
_c28 cm.
_3volume
_fresource
336 _2rdacontent
_atext
_btxt
337 _2rdamedia
_aunmediated
_bn
338 _3rdacarrier
_avolume
_bnc
502 _eUndergraduate feasibility (BS in Administration Major in Operations Management) - - Foundation University, 2014.
504 _aIncludes bibliographical references and appendices.
520 _aABSTRACT The objective of this study is to determine the feasibility of establishing 1 Choice Employment Agency at Mangnao-Canal Dumaguete City. A total number of 119 of respondents which consists of large scale business establishment in Dumaguete City were selected through lottery since there are 169 establishments being established in the City. The proposed project will be named as 1 Choice Employment Agency because it is suggestive in its business nature, this agency will be their 1 choice in finding a job. This project is a sole proprietorship type of business. On the results gathered from the study, 1 Choice Employment Agency is feasible in the marketing, management, technical, financial and socio-economic aspect for the reason that it is found viable and most of the respondents are willing to avail the proposed project. The proponent will invest Php 3,000,000.00 as capital. This amount will be utilized in purchasing the land to which it will be establish, construction of the building, furniture's and fixtures and expenses of the business in its operation. Since this project will be solely own, the capital will come from the proponent itself.
650 _aFeasibility studies
_zPhilippines.
_zDumaguete City.
_91518
650 _aEmployment agencies
_zPhilippines.
_zDumaguete City.
_915506
650 _aPersonnel management
_zPhilippines.
_zDumaguete City.
_915505
650 _aSmall business
_915504
_zPhilippines
_zDumaguete City.
658 _aProject Feasibility Study :
_bAdministration Major in Operations Management, Bachelor of Science in ;
_cFSB301.
700 1 _aCabunilas, lyrrah D.
_eco-author
_915522
700 1 _aDayot, Beverly L.
_eco-author
_915525
942 _2lcc
_cFS
_hLG 221 D35 B87
_iA5 B87 O64 2014 A97
_kCBA (OprMgt-FS)
_n0
999 _c5753
_d5753